Quick Pick: World Cup Red Cards Quiz Stats

 Plays Quiz Updated Nov 29, 2017

Challenge
Share
Tweet
Embed
Score 0/10 Timer 01:30
0 Plays Today
% Correct
Zinedine Zidane
78.8%
Luis Suárez
71.9%
Wayne Rooney
67%
David Beckham
67%
Rudi Völler
59.9%
Josip Šimunić
55%
Hakan Unsal
51.1%
Francesco Totti
47.9%
Laurent Blanc
44.1%
Pedro Monzón
35.1%

Today's Daily Dose

You're not logged in!

Compare scores with friends on all Sporcle quizzes.
Join for Free
OR
Log In

You Might Also Like...

Show Comments

Extras

Top Quizzes Today


Score Distribution

Your Account Isn't Verified!

In order to create a playlist on Sporcle, you need to verify the email address you used during registration. Go to your Sporcle Settings to finish the process.

Report this User

Report this user for behavior that violates our Community Guidelines.

Details: